Improving the energy efficiency of our buildings (Record no. 108467)

MARC details
000 -LEADER
fixed length control field 01787cad a22002775a 4500
001 - CONTROL NUMBER
control field L144358
008 - FIXED-LENGTH DATA ELEMENTS--GENERAL INFORMATION
fixed length control field 080714s2008 xxk f f000 0 eng d
020 ## - INTERNATIONAL STANDARD BOOK NUMBER
International Standard Book Number 9781409802174
035 ## - SYSTEM CONTROL NUMBER
System control number (Sirsi) u144358
041 0# - LANGUAGE CODE
Language code of text/sound track or separate title eng
050 04 - LIBRARY OF CONGRESS CALL NUMBER
Classification number 621.042 $2 22
110 1# - MAIN ENTRY--CORPORATE NAME
Corporate name or jurisdiction name as entry element United Kingdom
Subordinate unit Department for Communities and Local Government
9 (RLIN) 4939
245 00 - TITLE STATEMENT
Title Improving the energy efficiency of our buildings
Remainder of title aguide to air-conditioning inspections for buildings
Medium [electronic resource]
260 ## - PUBLICATION, DISTRIBUTION, ETC.
Place of publication, distribution, etc. London
Name of publisher, distributor, etc. DCLG
Date of publication, distribution, etc. 2008
520 ## - SUMMARY, ETC.
Summary, etc. Last in a six part series that explains the introduction of energy performance certificates, display energy certificates and air-conditioning inspections in England and Wales. Describes the scope and requirements of the regulations applying to air-conditioning plant. Provides guidance on who is affected and how these are applied. It is intended for anyone who manages or is responsible for air-conditioning plant. Explains how the requirements will work in practice, but is not a legal guide or advice.
590 ## - LOCAL NOTE (RLIN)
Local note KA NTK
650 24 - SUBJECT ADDED ENTRY--TOPICAL TERM
Topical term or geographic name entry element DISPLAY ENERGY CERTIFICATE
650 24 - SUBJECT ADDED ENTRY--TOPICAL TERM
Topical term or geographic name entry element COMMERCIAL ENERGY PERFORMANCE CERTIFICATES
650 24 - SUBJECT ADDED ENTRY--TOPICAL TERM
Topical term or geographic name entry element EUROPEAN ENERGY PERFORMANCE OF BUILDINGS DIRECTIVE 2002/91/EC
650 24 - SUBJECT ADDED ENTRY--TOPICAL TERM
Topical term or geographic name entry element ENERGY PERFORMANCE OF BUILDINGS (CERTIFICATES AND INSPECTIONS) (ENGLAND AND WALES) REGULATIONS 2007
651 #4 - SUBJECT ADDED ENTRY--GEOGRAPHIC NAME
Geographic name United Kingdom
Chronological subdivision
690 ## - LOCAL SUBJECT ADDED ENTRY--TOPICAL TERM (OCLC, RLIN)
Topical term or geographic name as entry element ENVIRONMENTAL AND LAND CONSULTANCY-ENERGY-ENERGY USE-ENERGY EFFICIENCY
690 ## - LOCAL SUBJECT ADDED ENTRY--TOPICAL TERM (OCLC, RLIN)
Topical term or geographic name as entry element BUILT ENVIRONMENT-BUILDING ELEMENTS-COMPLETE BUILDING SERVICES ELEMENTS-COMPLETE HEATING, VENTILATION AND AIR CONDITIONING SYSTEMS
856 40 - ELECTRONIC LOCATION AND ACCESS
Uniform Resource Identifier <a href="https://www.communities.gov.uk/publications/planningandbuilding/airconditioning ">https://www.communities.gov.uk/publications/planningandbuilding/airconditioning </a>
Public note View the guide free of charge at www.communities.gov.uk...
942 ## - ADDED ENTRY ELEMENTS (KOHA)
Suppress in OPAC 0
Holdings
Withdrawn status Lost status Source of classification or shelving scheme Damaged status Not for loan Home library Current library Shelving location Date acquired Total Checkouts Full call number Barcode Date last seen Copy number Price effective from Koha item type
    Dewey Decimal Classification     Virtual Virtual Online 14/07/2008   ONLINE PUBLICATION 144358-2001 06/08/2019 1 06/08/2019 Book